Τα χαρακτηριστικά του εκπαιδευτή ενηλίκων : σύγχρονες προσεγγίσεις και ρόλοι : διπλωματική εργασία [μεταπτυχιακή εργασία]

Αποθηκεύτηκε σε:
Λεπτομέρειες βιβλιογραφικής εγγραφής
Κύριος συγγραφέας: Καμπουράκη, Δήμητρα
Συγγραφή απο Οργανισμό/Αρχή: Πανεπιστήμιο Αιγαίου Σχολή Ανθρωπιστικών Επιστημών Τμήμα Επιστημών της Προσχολικής Αγωγής και του Εκπαιδευτικού Σχεδιασμού Πρόγραμμα Μεταπτυχιακών Σπουδών Φύλο και Νέα Εκπαιδευτικά και Εργασιακά Περιβάλλοντα στην Κοινωνία της Πληροφορίας
Άλλοι συγγραφείς: Λιοναράκης, Αντώνης (Εισηγητής διατριβής)
Μορφή: Thesis Βιβλίο
Γλώσσα:Greek
Δημοσίευση: 2014
Θέματα:
Διαθέσιμο Online:http://hdl.handle.net/11610/14020
Ετικέτες: Προσθήκη ετικέτας
Δεν υπάρχουν, Καταχωρήστε ετικέτα πρώτοι!

MARC

LEADER 00000cam a2200000 i 4500
001 1/57864
008 141013s2014 gre d
035 |l 10119425 
040 |a GR-MY-UA  |b gre  |e aacr 
041 0 |a gre 
082 0 |a 374.007  |2 (22) 
100 1 |a Καμπουράκη, Δήμητρα. 
245 1 3 |a Τα χαρακτηριστικά του εκπαιδευτή ενηλίκων :  |b σύγχρονες προσεγγίσεις και ρόλοι : διπλωματική εργασία [μεταπτυχιακή εργασία] /  |c Καμπουράκη Δήμητρα ; επιβλέπων: Αντώνης Λιοναράκης 
260 |c 2014 
300 |a 242 σ.;  |c 30 εκ. 
500 |a Μέλη εξεταστικής επιτροπής: Διονύσης Γουβιάς, Ευγενία Αρβανίτη 
502 |a Διατριβή (μεταπτυχιακή) – Πανεπιστήμιο Αιγαίου, Ρόδος, 2014. 
504 |a Βιβλιογραφία: σ. 90-102 
650 0 0 |a Adult education. 
650 0 0 |a Adult learning. 
650 0 0 |a Continuing education. 
650 0 0 |a Distance education. 
650 0 0 |a Dissertations, Academic  |z Greece. 
700 1 |a Λιοναράκης, Αντώνης.  |4 ths 
710 1 |a Πανεπιστήμιο Αιγαίου   |b Σχολή Ανθρωπιστικών Επιστημών   |b Τμήμα Επιστημών της Προσχολικής Αγωγής και του Εκπαιδευτικού Σχεδιασμού   |b Πρόγραμμα Μεταπτυχιακών Σπουδών Φύλο και Νέα Εκπαιδευτικά και Εργασιακά Περιβάλλοντα στην Κοινωνία της Πληροφορίας. 
852 |a INST  |b RHODES  |c DIATR  |e 20141013  |h 374.007 ΚΑΜ  |p 005400037032  |q 005400037032  |t MTXE  |y 23 
852 |a INST  |b RHODES  |c DIATR  |e 20141013  |h 374.007 ΚΑΜ  |p 005400037033  |q 005400037033  |t MTXE  |y 23 
856 |u http://hdl.handle.net/11610/14020 
901 |a BIBL4-2014-3 
909 |a Ρ  |b 183357 
909 |a Ρ  |b 183358 
924 |a ΚΑΜΠΟΥΡΑΚΗ  |b ΔΗΜΗΤΡΑ  |y ΡΟΔΟΣ  |z 2014-07 
970 |z 2014/10/13